[Event "Titled Tuesday intern op 27th Aug Early"]
[Site "Chess.com INT"]
[Date "2024.08.27"]
[Round "3"]
[White "George Micheal, Kevin"]
[Black "Soto Hernandez, Henry"]
[Result "1-0"]
[WhiteElo "2257"]
[BlackElo "2481"]
[PlyCount "41"]
[EventDate "2024.08.27"]
[EventType "swiss (blitz)"]
[EventRounds "11"]
[EventCountry "USA"]
[SourceTitle "EXT 2025"]
[Source "ChessBase"]
[SourceDate "2024.10.14"]
[SourceVersion "1"]
[SourceVersionDate "2024.10.14"]
[SourceQuality "1"]

1. e4 c6 2. Nc3 d5 3. Nf3 Bg4 4. h3 Bxf3 5. Qxf3 e6 6. d4 Nd7 7. Bd3 g6 8. 0-0 Bg7 9. Be3 Ne7 10. Ne2 0-0 11. c3 e5 12. exd5 Nxd5 13. Be4 Nxe3 14. fxe3 f5 15. Bc2 Kh8 16. Rad1 Qe7 17. e4 exd4 18. Nxd4 f4 19. Qe2 Rae8 20. Qd2 Qg5 21. Ne2 1-0

[Event "Titled Tuesday intern op 27th Aug Early"]
[Site "Chess.com INT"]
[Date "2024.08.27"]
[Round "1"]
[White "Soto Hernandez, Henry"]
[Black "Thorhallsson, Simon"]
[Result "1-0"]
[WhiteElo "2481"]
[BlackElo "2181"]
[PlyCount "81"]
[EventDate "2024.08.27"]
[EventType "swiss (blitz)"]
[EventRounds "11"]
[EventCountry "USA"]
[SourceTitle "EXT 2025"]
[Source "ChessBase"]
[SourceDate "2024.10.14"]
[SourceVersion "1"]
[SourceVersionDate "2024.10.14"]
[SourceQuality "1"]

1. Nf3 Nf6 2. g3 g6 3. c4 Bg7 4. Bg2 0-0 5. 0-0 c5 6. Nc3 Nc6 7. d3 d5 8. cxd5 Nxd5 9. Bd2 e5 10. a3 Be6 11. Rc1 Nxc3 12. Bxc3 h6 13. b4 cxb4 14. axb4 Qd7 15. Nd2 Rac8 16. Nb3 b6 17. b5 Nd4 18. Nxd4 exd4 19. Bb4 Rxc1 20. Qxc1 Rc8 21. Bc6 Qd8 22. Qa3 a5 23. Be7 Qc7 24. Bd6 Qd8 25. Rc1 Bf8 26. Bxf8 Qxf8 27. Qb2 Qd6 28. Qd2 Kh7 29. e3 dxe3 30. Qxe3 Qd8 31. d4 Qd6 32. d5 Bxd5 33. Rd1 Rxc6 34. bxc6 Qxc6 35. Rc1 Qb7 36. Rc3 a4 37. Qf4 Be6 38. Rc7 Qd5 39. h4 h5 40. Qxa4 Bh3 41. Qc6 1-0

[Event "Titled Tuesday intern op 20th Aug Early"]
[Site "Chess.com INT"]
[Date "2024.08.20"]
[Round "4"]
[White "Horobetz, Graham"]
[Black "Soto Hernandez, Henry"]
[Result "0-1"]
[WhiteElo "2266"]
[BlackElo "2481"]
[PlyCount "82"]
[EventDate "2024.08.20"]
[EventType "swiss (blitz)"]
[EventRounds "11"]
[EventCountry "USA"]
[SourceTitle "EXT 2025"]
[Source "ChessBase"]
[SourceDate "2024.10.14"]
[SourceVersion "1"]
[SourceVersionDate "2024.10.14"]
[SourceQuality "1"]

1. e4 c6 2. d4 d5 3. Nc3 dxe4 4. Nxe4 Bf5 5. Ng3 Bg6 6. h4 h6 7. Nf3 Nd7 8. h5 Bh7 9. Bd3 Bxd3 10. Qxd3 e6 11. Bd2 Ngf6 12. 0-0-0 Qc7 13. Kb1 0-0-0 14. Ne4 Nxe4 15. Qxe4 Bd6 16. c4 c5 17. Bc3 Nf6 18. Qe2 cxd4 19. Nxd4 a6 20. g3 Rd7 21. Nb3 Qc6 22. Rhe1 Rhd8 23. Rc1 Bc7 24. Ka1 Rd3 25. Be5 Qf3 26. Qc2 Bxe5 27. Rxe5 Ng4 28. Re2 Qf5 29. c5 Rf3 30. Qc4 Ne5 31. Rxe5 Qxe5 32. c6 b5 33. Qc2 Qf5 34. Qc5 Qxc5 35. Nxc5 Rxf2 36. Nxa6 Rdd2 37. Nb4 Rxb2 38. a3 Rb3 39. Nc2 Rc3 40. Kb2 Rxc6 41. Kb3 Kb7 0-1

[Event "Titled Tuesday intern op 20th Aug Early"]
[Site "Chess.com INT"]
[Date "2024.08.20"]
[Round "5"]
[White "Nurmanova, Alua"]
[Black "Soto Hernandez, Henry"]
[Result "0-1"]
[WhiteElo "2324"]
[BlackElo "2481"]
[PlyCount "132"]
[EventDate "2024.08.20"]
[EventType "swiss (blitz)"]
[EventRounds "11"]
[EventCountry "USA"]
[SourceTitle "EXT 2025"]
[Source "ChessBase"]
[SourceDate "2024.10.14"]
[SourceVersion "1"]
[SourceVersionDate "2024.10.14"]
[SourceQuality "1"]

1. e4 c6 2. d3 d5 3. Nd2 e5 4. Ngf3 Bd6 5. g3 Nf6 6. Bg2 0-0 7. 0-0 Re8 8. Re1 Bg4 9. h3 Bh5 10. c3 Nbd7 11. Qc2 a5 12. a4 Qc7 13. Nf1 dxe4 14. dxe4 Nc5 15. g4 Bg6 16. Ng3 Bf8 17. Nh4 Rad8 18. Re3 Ne6 19. Nhf5 Nf4 20. Bf1 Bc5 21. Re1 Rd7 22. Be3 Bxe3 23. fxe3 Ne6 24. Rad1 Red8 25. Bc4 Nc5 26. b4 Ne6 27. Kg2 h6 28. Rd3 Rxd3 29. Bxd3 Qb6 30. Rb1 Bxf5 31. Nxf5 g6 32. bxa5 Qa7 33. Nxh6+ Kg7 34. Qf2 Rxd3 35. Rf1 Nf4+ 36. exf4 Qxf2+ 37. Rxf2 Nxe4 38. Re2 Nxc3 39. Rxe5 Kxh6 40. Re7 Kg7 41. Rxb7 Nxa4 42. a6 Nc5 43. Rb6 Ra3 44. Rxc6 Nxa6 45. f5 gxf5 46. gxf5 Nb4 47. Rc4 Nd5 48. Rc6 Ne3+ 49. Kf3 Nxf5+ 50. Kg4 Ne7 51. Rc7 Ng6 52. Rc5 Ra4+ 53. Kg5 Ra6 54. h4 Re6 55. h5 Re5+ 56. Rxe5 Nxe5 57. h6+ Kh7 58. Kf6 Kxh6 59. Kxe5 Kg5 60. Ke4 f6 61. Ke3 Kg4 62. Kf2 Kf4 63. Kf1 Kf3 64. Ke1 f5 65. Kf1 f4 66. Kg1 Ke2 0-1

[Event "Titled Tuesday intern op 07th May Early"]
[Site "Chess.com INT"]
[Date "2024.05.07"]
[Round "3"]
[White "Soto Hernandez, Henry"]
[Black "Bettalli, Francesco"]
[Result "0-1"]
[WhiteElo "2482"]
[BlackElo "2342"]
[PlyCount "146"]
[EventDate "2024.05.07"]
[EventType "swiss (blitz)"]
[EventRounds "11"]
[EventCountry "USA"]
[SourceTitle "EXT 2025"]
[Source "ChessBase"]
[SourceDate "2024.10.14"]
[SourceVersion "1"]
[SourceVersionDate "2024.10.14"]
[SourceQuality "1"]

1. Nf3 g6 2. g3 Bg7 3. Bg2 d5 4. 0-0 c5 5. d3 Nc6 6. Nbd2 e6 7. e4 Nge7 8. Re1 0-0 9. e5 Qc7 10. Qe2 g5 11. Nxg5 Qxe5 12. Qxe5 Nxe5 13. Ngf3 N7c6 14. Nxe5 Nxe5 15. Nf3 Nxf3+ 16. Bxf3 Bd7 17. Rb1 Bc6 18. Bf4 Rfe8 19. Be5 f6 20. Bd6 Bf8 21. Bxf8 Kxf8 22. Re2 e5 23. Rbe1 Ke7 24. Bg4 Kd6 25. Bf5 h6 26. h4 Rg8 27. Kh2 Rae8 28. Kh3 d4 29. a3 Bf3 30. Rd2 b5 31. Be4 Bxe4 32. Rxe4 f5 33. Re1 e4 34. Rde2 Kd5 35. b3 c4 36. bxc4+ bxc4 37. dxc4+ Kxc4 38. Rd2 Kc3 39. Red1 Rd8 40. Kg2 f4 41. Kh2 e3 42. fxe3 fxe3 43. Re2 d3 44. cxd3 Rxd3 45. Rc1+ Kd4 46. Rcc2 Rd8 47. g4 Ke4 48. Kg3 Rd2 49. g5 hxg5 50. hxg5 Rxc2 51. Rxc2 Kd3 52. Rc7 e2 53. Re7 Kd2 54. Kf2 e1Q+ 55. Rxe1 Rf8+ 56. Kg3 Kxe1 57. g6 Kd2 58. Kg4 Rg8 59. Kf5 Kc3 60. Kf6 Kb3 61. Kf7 Ra8 62. g7 Kxa3 63. g8Q Rxg8 64. Kxg8 Kb4 65. Kf7 a5 66. Ke6 a4 67. Kd5 a3 68. Kd4 a2 69. Kd3 a1Q 70. Kc2 Qd4 71. Kb1 Qf2 72. Kc1 Kc3 73. Kd1 Qd2# 0-1

[Event "Titled Tuesday intern op 09th Apr Early"]
[Site "Chess.com INT"]
[Date "2024.04.09"]
[Round "3"]
[White "Alekseenko, Kirill"]
[Black "Soto Hernandez, Henry"]
[Result "1-0"]
[WhiteElo "2655"]
[BlackElo "2481"]
[PlyCount "77"]
[EventDate "2024.04.09"]
[EventType "swiss (blitz)"]
[EventRounds "11"]
[EventCountry "USA"]
[SourceTitle "EXT 2025"]
[Source "ChessBase"]
[SourceDate "2024.10.14"]
[SourceVersion "1"]
[SourceVersionDate "2024.10.14"]
[SourceQuality "1"]

1. e4 c6 2. d4 d5 3. e5 Bf5 4. Nd2 e6 5. Nb3 Ne7 6. Nf3 Nc8 7. Bd3 Bxd3 8. Qxd3 Be7 9. 0-0 Nd7 10. Be3 0-0 11. g3 Ncb6 12. Nbd2 Rc8 13. h4 h6 14. Kg2 c5 15. c3 cxd4 16. Bxd4 Nc4 17. Nxc4 Rxc4 18. h5 Nc5 19. Qe3 Ne4 20. Bxa7 Qa5 21. Bd4 Ra8 22. a3 Qb5 23. Rab1 Qb3 24. Qe2 Bc5 25. Bxc5 Rxc5 26. Nd4 Qb6 27. f3 Ng5 28. Rf2 Rc4 29. Rd1 Qc7 30. Qe3 Ra5 31. Rdd2 Qc8 32. Rf1 Qc7 33. Rh1 Qc8 34. Rh4 Qc7 35. Rg4 Qe7 36. Re2 Kh8 37. Qd3 Ra8 38. f4 Ne4 39. Rxe4 1-0

[Event "Titled Tuesday intern op 09th Apr Early"]
[Site "Chess.com INT"]
[Date "2024.04.09"]
[Round "11"]
[White "Soto Hernandez, Henry"]
[Black "Karwowski, Kacper"]
[Result "1/2-1/2"]
[WhiteElo "2481"]
[BlackElo "2155"]
[PlyCount "128"]
[EventDate "2024.04.09"]
[EventType "swiss (blitz)"]
[EventRounds "11"]
[EventCountry "USA"]
[SourceTitle "EXT 2025"]
[Source "ChessBase"]
[SourceDate "2024.10.14"]
[SourceVersion "1"]
[SourceVersionDate "2024.10.14"]
[SourceQuality "1"]

1. Nf3 Nf6 2. g3 g6 3. Bg2 Bg7 4. 0-0 0-0 5. d4 d5 6. c4 dxc4 7. Na3 a6 8. Nxc4 b5 9. Nce5 Bb7 10. Bf4 Nbd7 11. Rc1 Nxe5 12. Bxe5 Rc8 13. Qb3 Ne4 14. Bxg7 Kxg7 15. Rfd1 Qd5 16. Qa3 Qd6 17. Qe3 Nf6 18. Qe5 Rfd8 19. e3 c5 20. Qxd6 Rxd6 21. Ne5 Bxg2 22. Kxg2 Nd7 23. Nxd7 Rxd7 24. dxc5 Rxd1 25. Rxd1 Rxc5 26. Rd7 e6 27. Rd6 Rc2 28. Rxa6 Rxb2 29. a3 Ra2 30. Ra5 Rb2 31. a4 bxa4 32. Rxa4 h5 33. h3 Rc2 34. Ra5 Rb2 35. Rc5 Ra2 36. Rb5 Rc2 37. Rb4 Ra2 38. g4 hxg4 39. hxg4 g5 40. Kg3 Ra3 41. Rb5 Kg6 42. Rb8 Rc3 43. Rg8+ Kf6 44. Kf3 Rc4 45. Rh8 Rb4 46. Rh6+ Kg7 47. Rh5 Kg6 48. Rh1 Ra4 49. Rb1 Kf6 50. Rb6 Rc4 51. Rb5 Ra4 52. Kg3 Ra3 53. Kf3 Ra4 54. Kg3 Ra3 55. Rb4 Rc3 56. Ra4 Rb3 57. Re4 Ra3 58. Kf3 Rb3 59. Ra4 Rc3 60. Ra8 Rc4 61. Rd8 Rb4 62. Rc8 Ra4 63. Rb8 Rc4 64. Rb5 Ra4 1/2-1/2

[Event "Panama op 4th"]
[Site "Panama City"]
[Date "2023.11.06"]
[Round "1"]
[White "Castillo Miranda, Mario Anel"]
[Black "Soto Hernandez, Henry"]
[Result "0-1"]
[WhiteElo "1475"]
[BlackElo "2490"]
[PlyCount "94"]
[EventDate "2023.11.06"]
[EventType "swiss"]
[EventRounds "9"]
[EventCountry "PAN"]
[SourceTitle "CBM 217 Extra"]
[Source "ChessBase"]
[SourceDate "2024.01.31"]
[SourceVersion "1"]
[SourceVersionDate "2024.01.31"]
[SourceQuality "1"]

1. e4 c5 2. Nf3 a6 3. c4 e6 4. Nc3 Qc7 5. b3 Nf6 6. Bb2 Nc6 7. h3 b6 8. Be2 Bb7 9. 0-0 Bd6 10. Re1 Nd4 11. d3 0-0 12. Bf1 Nxf3+ 13. Qxf3 Be5 14. Qe2 Rfe8 15. Na4 b5 16. Bxe5 Qxe5 17. Nb2 d6 18. g3 Qd4 19. Bg2 Nd7 20. Kh2 b4 21. Na4 Bc6 22. Nb2 a5 23. a4 Qc3 24. Rec1 Qf6 25. f4 Rac8 26. Nd1 Nb8 27. Nf2 Red8 28. Ng4 Qe7 29. Re1 Bd7 30. e5 Nc6 31. Bxc6 Bxc6 32. Rad1 Ba8 33. Nf2 Qc7 34. d4 cxd4 35. Rxd4 dxe5 36. Rxd8+ Rxd8 37. fxe5 h6 38. h4 Rd4 39. Rd1 Qc6 40. Rg1 h5 41. Qe3 Qd7 42. Qg5 Rd2 43. Qe3 Rb2 44. Rf1 Qc6 45. Rg1 Qf3 46. Qxf3 Bxf3 47. c5 Rxf2+ 0-1

[Event "Titled Tuesday intern op 26th Sep Early"]
[Site "Chess.com INT"]
[Date "2023.09.26"]
[Round "1"]
[White "Soto Hernandez, Henry"]
[Black "Tymrakiewicz, Rafal"]
[Result "1-0"]
[WhiteElo "2490"]
[BlackElo "2131"]
[PlyCount "81"]
[EventDate "2023.09.26"]
[EventType "swiss (blitz)"]
[EventRounds "11"]
[EventCountry "USA"]
[SourceTitle "EXT 2024"]
[Source "ChessBase"]
[SourceDate "2023.10.10"]
[SourceVersion "1"]
[SourceVersionDate "2023.10.10"]
[SourceQuality "1"]

1. Nf3 e5 2. Nxe5 c5 3. d4 d5 4. Bf4 Nc6 5. Nxc6 bxc6 6. c3 Nf6 7. e3 Be7 8. dxc5 0-0 9. Nd2 Bxc5 10. Bd3 Re8 11. 0-0 g6 12. h3 Bd6 13. Bxd6 Qxd6 14. b4 a5 15. a3 c5 16. b5 c4 17. Bc2 Qe5 18. Nb1 Bf5 19. Bxf5 Qxf5 20. a4 Ne4 21. Qc2 Qe5 22. Ra3 Nc5 23. Nd2 Nd3 24. Nf3 Qe4 25. Nd4 Re5 26. Qe2 Rg5 27. Qf3 Re8 28. Qxe4 dxe4 29. Rb1 Rc5 30. Raa1 Rb8 31. g4 Rb6 32. Nc6 Kg7 33. Nxa5 f5 34. Nc6 f4 35. Nd4 f3 36. a5 Rb8 37. a6 Rcc8 38. a7 Ra8 39. b6 Nc5 40. b7 Nxb7 41. Rxb7+ 1-0

[Event "Titled Tuesday intern op 05th Sep Early"]
[Site "Chess.com INT"]
[Date "2023.09.05"]
[Round "2"]
[White "Soto Hernandez, Henry"]
[Black "Avalos Parra, Joao"]
[Result "1-0"]
[WhiteElo "2490"]
[BlackElo "2185"]
[PlyCount "57"]
[EventDate "2023.09.05"]
[EventType "swiss (blitz)"]
[EventRounds "11"]
[EventCountry "USA"]
[SourceTitle "EXT 2024"]
[Source "ChessBase"]
[SourceDate "2023.10.10"]
[SourceVersion "1"]
[SourceVersionDate "2023.10.10"]
[SourceQuality "1"]

1. Nf3 d5 2. g3 Nf6 3. Bg2 e6 4. 0-0 c5 5. d3 Nc6 6. Nbd2 Be7 7. e4 0-0 8. e5 Nd7 9. Re1 Qc7 10. Qe2 b5 11. Nf1 Bb7 12. h4 Rfc8 13. c3 Qd8 14. Bf4 a5 15. N1h2 a4 16. a3 Na5 17. Ng4 Nb3 18. Rad1 b4 19. Bg5 bxa3 20. bxa3 Ba6 21. Qe3 Qf8 22. Bxe7 Qxe7 23. c4 Nb6 24. Ng5 Nd4 25. Qf4 Ra7 26. Nf6+ gxf6 27. exf6 Qc7 28. Qg4 Kh8 29. Qh5 1-0

[Event "Titled Tuesday intern op 25th Apr Early"]
[Site "Chess.com INT"]
[Date "2023.04.25"]
[Round "1"]
[White "Rudzinska, Michalina"]
[Black "Soto Hernandez, Henry"]
[Result "0-1"]
[WhiteElo "2244"]
[BlackElo "2490"]
[PlyCount "126"]
[EventDate "2023.04.25"]
[EventType "swiss (blitz)"]
[EventRounds "11"]
[EventCountry "USA"]
[SourceTitle "EXT 2024"]
[Source "ChessBase"]
[SourceDate "2023.10.10"]
[SourceVersion "1"]
[SourceVersionDate "2023.10.10"]
[SourceQuality "1"]

1. e4 c6 2. Nf3 d5 3. Nc3 Bg4 4. h3 Bxf3 5. Qxf3 e6 6. Be2 Nf6 7. 0-0 dxe4 8. Nxe4 Nxe4 9. Qxe4 Qd5 10. Qg4 h5 11. Qg3 Qd6 12. Qb3 Qc7 13. d4 Nd7 14. c4 Bd6 15. c5 Be7 16. Qf3 g5 17. Bc4 g4 18. Bf4 gxf3 19. Bxc7 fxg2 20. Kxg2 Nf6 21. Be5 Kd7 22. f4 Rhg8+ 23. Kh2 Ne4 24. Rad1 Ng3 25. Rg1 Nf5 26. Bd3 h4 27. Bxf5 exf5 28. b4 f6 29. d5 fxe5 30. dxc6+ Kxc6 31. fxe5 Bg5 32. Rd6+ Kc7 33. Rf1 Raf8 34. e6 Rg7 35. Kh1 Be3 36. Rfd1 Re8 37. Rd7+ Rxd7 38. Rxd7+ Kc8 39. Rf7 f4 40. e7 Kd7 41. Kg2 Rxe7 42. Rf5 Rg7+ 43. Kf3 Rg3+ 44. Ke4 Rxh3 45. b5 Rh1 46. Rf7+ Ke6 47. Rxb7 Bxc5 48. Rc7 Bb6 49. Rc6+ Kd7 50. Kxf4 Rb1 51. Rh6 Rxb5 52. a3 Ra5 53. Rh7+ Kc6 54. Rh6+ Kb7 55. Rh7+ Ka6 56. Rxh4 Rxa3 57. Rh5 Rd3 58. Ke4 Rd7 59. Kf3 Kb7 60. Ke2 a5 61. Rh3 Ka6 62. Ra3 Bc5 63. Rb3 Bb4 0-1

[Event "Titled Tuesday intern op 11th Apr Early"]
[Site "Chess.com INT"]
[Date "2023.04.11"]
[Round "8"]
[White "Gabrielian, Artur"]
[Black "Soto Hernandez, Henry"]
[Result "1/2-1/2"]
[WhiteElo "2452"]
[BlackElo "2490"]
[PlyCount "136"]
[EventDate "2023.04.11"]
[EventType "swiss (blitz)"]
[EventRounds "11"]
[EventCountry "USA"]
[SourceTitle "CBM 213 Extra"]
[Source "ChessBase"]
[SourceDate "2023.05.31"]
[SourceVersion "1"]
[SourceVersionDate "2023.05.31"]
[SourceQuality "1"]

1. e4 e5 2. Nf3 Nc6 3. Bc4 Bc5 4. d3 Nf6 5. Bg5 d6 6. c3 a6 7. Nbd2 Ba7 8. a4 h6 9. Bh4 g5 10. Bg3 Bg4 11. b4 Ne7 12. 0-0 Ng6 13. Kh1 h5 14. Qb3 Qd7 15. h4 gxh4 16. Nxh4 0-0-0 17. b5 a5 18. Bxf7 Nf8 19. Nc4 Be6 20. Bxe6 Nxe6 21. b6 cxb6 22. Nxb6+ Bxb6 23. Qxb6 Qc7 24. Qa7 Nc5 25. Rab1 Nxd3 26. Rb5 Nxe4 27. Qe3 Ndc5 28. Bh2 Rdg8 29. Nf5 Rf8 30. Qh3 Kb8 31. f3 Nxc3 32. Rb2 N3xa4 33. Rd2 Qc8 34. Nxd6 Qxh3 35. gxh3 Ka7 36. Bxe5 Rhg8 37. Bd4 b6 38. Re2 Ka6 39. f4 Nb3 40. Be5 Nac5 41. Kh2 Nd3 42. Rd1 Nbc5 43. Rdd2 Nxf4 44. Bxf4 Rxf4 45. Re7 h4 46. Rb2 Rgf8 47. Nb5 Rf2+ 48. Rxf2 Rxf2+ 49. Kg1 Rf3 50. Nc7+ Kb7 51. Nb5+ Kc6 52. Nd4+ Kd6 53. Rh7 Rxh3 54. Nf5+ Ke5 55. Nxh4 Kd5 56. Kg2 Rb3 57. Rh5+ Kc4 58. Nf5 a4 59. Nd6+ Kb4 60. Rh4+ Ka3 61. Nc4+ Ka2 62. Rh6 a3 63. Nxb6 Kb1 64. Nc4 a2 65. Nd2+ Kb2 66. Nxb3 Nxb3 67. Ra6 a1Q 68. Rxa1 Nxa1 1/2-1/2

[Event "Titled Tuesday intern op 11th Apr Early"]
[Site "Chess.com INT"]
[Date "2023.04.11"]
[Round "10"]
[White "Soto Hernandez, Henry"]
[Black "Jumanov, Elbek"]
[Result "1-0"]
[WhiteElo "2490"]
[BlackElo "2155"]
[PlyCount "125"]
[EventDate "2023.04.11"]
[EventType "swiss (blitz)"]
[EventRounds "11"]
[EventCountry "USA"]
[SourceTitle "CBM 213 Extra"]
[Source "ChessBase"]
[SourceDate "2023.05.31"]
[SourceVersion "1"]
[SourceVersionDate "2023.05.31"]
[SourceQuality "1"]

1. e4 c5 2. Nc3 e6 3. Nge2 a6 4. a4 Nc6 5. g3 Nf6 6. Bg2 Be7 7. 0-0 0-0 8. d4 cxd4 9. Nxd4 Qc7 10. Re1 d6 11. Nb3 Na5 12. Nd4 Rb8 13. Qd3 b6 14. b3 Bb7 15. Bb2 Rfd8 16. Rad1 Rbc8 17. h3 Nd7 18. Qe2 Nc6 19. Nxc6 Qxc6 20. Rd2 Bf6 21. Nd1 Bxb2 22. Nxb2 Nf6 23. Nc4 d5 24. exd5 Nxd5 25. Red1 Qc7 26. Qe5 Qxe5 27. Nxe5 Rc3 28. Nc4 Rc8 29. Bxd5 exd5 30. Nxb6 Re8 31. Nxd5 Bxd5 32. Rxd5 Rxc2 33. Rd8 Kf8 34. Rxe8+ Kxe8 35. Rd6 Rb2 36. Rb6 a5 37. Rb5 g6 38. h4 h5 39. Kg2 Ke7 40. Kf3 Kf6 41. Ke3 Kg7 42. f3 Rg2 43. Kf4 Rb2 44. Ke3 Rb1 45. Ke4 Rg1 46. Rxa5 Rxg3 47. Rb5 Rh3 48. a5 Rxh4+ 49. Ke3 Rh1 50. b4 Ra1 51. Rb6 h4 52. Kf4 f5 53. Kg5 h3 54. Rb7+ Kf8 55. Rh7 Rb1 56. a6 Rxb4 57. a7 Ra4 58. Rh8+ Kg7 59. a8Q Rxa8 60. Rxa8 h2 61. Ra1 f4 62. Rh1 Kf7 63. Rxh2 1-0

[Event "Titled Tuesday intern op 28th Mar Early"]
[Site "Chess.com INT"]
[Date "2023.03.28"]
[Round "4"]
[White "Soto Hernandez, Henry"]
[Black "Shivakumar, Shawnak"]
[Result "1-0"]
[WhiteElo "2490"]
[BlackElo "2418"]
[PlyCount "107"]
[EventDate "2023.03.28"]
[EventType "swiss (blitz)"]
[EventRounds "11"]
[EventCountry "USA"]
[SourceTitle "EXT 2024"]
[Source "ChessBase"]
[SourceDate "2023.10.10"]
[SourceVersion "1"]
[SourceVersionDate "2023.10.10"]
[SourceQuality "1"]

1. Nf3 d5 2. g3 Bg4 3. Bg2 Nd7 4. 0-0 e5 5. d3 Ngf6 6. Nbd2 Bd6 7. e4 d4 8. h3 Bh5 9. Qe1 c6 10. Nh4 Bg6 11. Nf5 Bxf5 12. exf5 0-0 13. g4 Nd5 14. Ne4 Bc7 15. a3 Re8 16. Qe2 Nf4 17. Qf3 Qh4 18. Bd2 Nf6 19. Rfe1 N6d5 20. Qg3 Qxg3 21. fxg3 Nxg2 22. Kxg2 Rac8 23. Re2 Bb8 24. Rae1 c5 25. b3 b5 26. g5 c4 27. h4 cxb3 28. cxb3 Nc3 29. Bxc3 dxc3 30. Rc2 Red8 31. Rec1 Rxd3 32. Rxc3 Rcxc3 33. Rxc3 Rxc3 34. Nxc3 a6 35. Kf3 Ba7 36. Nd5 Bc5 37. a4 Kf8 38. axb5 axb5 39. f6 gxf6 40. Nxf6 Kg7 41. h5 h6 42. Nd7 Bd4 43. gxh6+ Kxh6 44. Ke4 Kxh5 45. Nxe5 Bxe5 46. Kxe5 Kg4 47. Kf6 Kxg3 48. Kxf7 Kf3 49. Ke6 Ke3 50. Kd5 Kd3 51. Kc5 Kc3 52. b4 Kb3 53. Kxb5 Kc3 54. Kc5 1-0

[Event "Titled Tuesday intern op 21st Mar Early"]
[Site "Chess.com INT"]
[Date "2023.03.21"]
[Round "5"]
[White "Jovic, Stanoje"]
[Black "Soto Hernandez, Henry"]
[Result "1-0"]
[WhiteElo "2073"]
[BlackElo "2490"]
[PlyCount "83"]
[EventDate "2023.03.21"]
[EventType "swiss (blitz)"]
[EventRounds "11"]
[EventCountry "USA"]
[SourceTitle "EXT 2024"]
[Source "ChessBase"]
[SourceDate "2023.10.10"]
[SourceVersion "1"]
[SourceVersionDate "2023.10.10"]
[SourceQuality "1"]

1. c4 Nf6 2. g3 g6 3. Bg2 Bg7 4. Nc3 0-0 5. Nf3 c6 6. 0-0 d5 7. cxd5 cxd5 8. d4 Nc6 9. Ne5 e6 10. f4 Nd7 11. e3 Nb6 12. b3 Bd7 13. Ba3 Re8 14. Rc1 Rc8 15. h4 f6 16. Nd3 Ne7 17. g4 Bc6 18. Nc5 Kf7 19. h5 Nd7 20. g5 f5 21. h6 Bf8 22. Nd3 Qa5 23. Bb2 Bb5 24. Rf2 Bxd3 25. Qxd3 Nc6 26. a3 Qa6 27. Qxa6 bxa6 28. Nxd5 exd5 29. Bxd5+ Re6 30. Rfc2 Ndb8 31. b4 Ke7 32. Bxe6 Kxe6 33. d5+ Kxd5 34. Be5 Re8 35. Bxb8 Nxb8 36. Rc8 Rxc8 37. Rxc8 Nd7 38. Rc7 Ke6 39. Rxa7 Bd6 40. Rxa6 Kd5 41. Ra7 Kc6 42. b5+ 1-0

[Event "CUB-ch 59th"]
[Site "Holguin"]
[Date "2023.02.08"]
[Round "7"]
[White "Albornoz Cabrera, Carlos Daniel"]
[Black "Soto Hernandez, Henry"]
[Result "1-0"]
[WhiteElo "2576"]
[BlackElo "2483"]
[PlyCount "71"]
[EventDate "2023.02.02"]
[EventType "tourn"]
[EventRounds "11"]
[EventCountry "CUB"]
[EventCategory "10"]
[SourceTitle "CBM 212 Extra"]
[Source "ChessBase"]
[SourceDate "2023.03.31"]
[SourceVersion "1"]
[SourceVersionDate "2023.03.31"]
[SourceQuality "1"]

1. e4 e5 2. Nf3 Nc6 3. Bb5 a6 4. Ba4 Nf6 5. 0-0 Be7 6. Re1 b5 7. Bb3 0-0 8. a4 Bb7 9. d3 d6 10. Nbd2 Nd7 11. c3 Nc5 12. Bc2 Nxa4 13. Bxa4 bxa4 14. Qxa4 a5 15. Nc4 Qe8 16. Nfd2 Bc8 17. Ne3 Bd8 18. b4 Bd7 19. Qd1 Ra7 20. b5 Ne7 21. c4 c6 22. Ba3 cxb5 23. Bxd6 f6 24. cxb5 Bxb5 25. Qb3+ Rf7 26. Reb1 Rb7 27. Ndc4 Nc8 28. Nf5 a4 29. Qd1 Qe6 30. Ba3 Rfd7 31. Qc2 Be7 32. Nxe5 Rbc7 33. Qb2 Bxa3 34. Qxb5 Rb7 35. Qxa4 Qxe5 36. Qc4+ 1-0

[Event "CUB-ch 59th"]
[Site "Holguin"]
[Date "2023.02.06"]
[Round "5"]
[White "Perez Leiva, Jerzy Jesus"]
[Black "Soto Hernandez, Henry"]
[Result "1/2-1/2"]
[WhiteElo "2393"]
[BlackElo "2483"]
[PlyCount "110"]
[EventDate "2023.02.02"]
[EventType "tourn"]
[EventRounds "11"]
[EventCountry "CUB"]
[EventCategory "10"]
[SourceTitle "CBM 212 Extra"]
[Source "ChessBase"]
[SourceDate "2023.03.31"]
[SourceVersion "1"]
[SourceVersionDate "2023.03.31"]
[SourceQuality "1"]

1. e4 e5 2. Nf3 Nc6 3. Bb5 a6 4. Ba4 Nf6 5. Nc3 b5 6. Bb3 Be7 7. d3 0-0 8. 0-0 d6 9. a3 Bb7 10. Bd2 Qd7 11. Ba2 Rae8 12. Rc1 Bd8 13. Nd5 Na7 14. Ne3 Nc8 15. c4 Ne7 16. b4 Ng6 17. Re1 c6 18. Qb3 Bb6 19. c5 dxc5 20. bxc5 Bc7 21. Nf5 Bc8 22. g3 Qd8 23. Ng5 Be6 24. Nxe6 fxe6 25. h3 Kh8 26. Nd6 Re7 27. Be3 h6 28. Qd1 Kh7 29. Qe2 Ne8 30. Nxe8 Rfxe8 31. Red1 Rd7 32. Qg4 Qf6 33. a4 Nf8 34. Bb1 Kh8 35. axb5 axb5 36. Bc2 Ba5 37. d4 Bc3 38. dxe5 Bxe5 39. Rxd7 Nxd7 40. Rd1 Qe7 41. Qh5 Bb8 42. Bg5 Nf6 43. e5 Bxe5 44. Bxf6 gxf6 45. Bg6 Rf8 46. Qxh6+ Kg8 47. Re1 Rd8 48. Kh1 Ra8 49. Be4 Qd7 50. Qh5 Ra1 51. Rxa1 Bxa1 52. Qf3 Qe7 53. Qa3 Bd4 54. Qa8+ Kg7 55. Qxc6 Bxf2 1/2-1/2

[Event "Titled Tuesday intern op 10th Jan Late"]
[Site "Chess.com INT"]
[Date "2023.01.10"]
[Round "9"]
[White "Baskakov, Egor"]
[Black "Soto Hernandez, Henry"]
[Result "1-0"]
[WhiteElo "2215"]
[BlackElo "2483"]
[PlyCount "99"]
[EventDate "2023.01.10"]
[EventType "swiss (blitz)"]
[EventRounds "11"]
[EventCountry "USA"]
[SourceTitle "EXT 2024"]
[Source "ChessBase"]
[SourceDate "2023.10.10"]
[SourceVersion "1"]
[SourceVersionDate "2023.10.10"]
[SourceQuality "1"]

1. e4 g6 2. g3 Bg7 3. Bg2 c5 4. Ne2 Nc6 5. 0-0 e6 6. c3 Nge7 7. d4 cxd4 8. Nxd4 0-0 9. Be3 d5 10. exd5 Nxd5 11. Nxc6 bxc6 12. Bc5 Re8 13. Nd2 Ba6 14. Re1 Qc7 15. Ne4 Red8 16. Qa4 Bb5 17. Qc2 Ba6 18. Rad1 h6 19. c4 Nb6 20. Bd6 Qc8 21. b3 Bb7 22. Be7 Rxd1 23. Rxd1 Qc7 24. Bd6 Qc8 25. Nc5 Nd7 26. Qe4 Nxc5 27. Bxc5 Qc7 28. Qd3 Bf6 29. b4 Rd8 30. Qe2 Rxd1+ 31. Qxd1 a5 32. Bd6 Qb6 33. Bc5 Qc7 34. a3 axb4 35. axb4 Ba6 36. Bf1 Qe5 37. Qa4 Bb7 38. Qa7 Qc7 39. Bg2 Bd8 40. Bf3 Kg7 41. Kg2 Qd7 42. h4 h5 43. Bb6 Bxb6 44. Qxb6 Ba8 45. c5 e5 46. b5 Qf5 47. Bxc6 e4 48. Bxa8 Qf3+ 49. Kg1 Qd1+ 50. Kh2 1-0